The Office (UK) Quiz! - Statistics

General Stats
  • This quiz has been taken 638 times
  • The average score is 4 of 10
Answer Stats
Hint Answer % Correct
What is the first prank Tim pulls on Gareth in Series 1? Stapler In Jelly
84%
Who isn't intimidated when talking to large numbers? David Brent
72%
What did Dawn always want to be? Childrens Illustrator
60%
What job title did Gareth have at school? Milk Monitor
52%
If you're a gay farmer, what shouldn't you be allowed near? Animals
41%
[Finish The Sentence] “I’d push the brother out of the room, bend them all over, do the drummer, the lead singer, and that one who plays ......". Violin
41%
Nicknames are ....... Bad Names
38%
Which two flavours does Gareth use when talking about condoms? Strawberry and Curry
17%
How would David Brent like to be remembered? The man who put a smile on the face of all he met
6%
What is the womens name who rings Gareth (Whilst he has the phone on speaker phone)? Ange
2%
No matching quizzes found
Score Distribution
Percent of People with Each Score
Percentile by Number Answered
Your Score History
You have not taken this quiz